000 01066nam a22003377a 4500
003 CHAP
005 20220329133425.0
008 971013s1992 r 00010 d
010 _a6232
011 _a7204
035 _a6427
040 _cCHAP
090 _aTesis
100 0 0 _aRivera Mota, Luis Antonio.
_997708
245 _aVariación de la producción de trigo en México desde 1924 hasta 1988
260 _aChapingo, Méx. :
_bEl autor,
_c1992
300 _a26 h.
500 _a61-123
502 _aTesis (Ing. Agr. Esp. en Fitotecnia) -- UACH. Departamento de Fitotecnia
590 _aALEPH
_b10
_c20130110
_lUCH01
_h1217
590 _aBATCH-UPD
_b10
_c20130110
_lUCH01
_h1412
590 _aBATCH-UPD
_b10
_c20130410
_lUCH01
_h0858
590 _aBATCH-UPD
_b10
_c20130914
_lUCH01
_h2007
590 _aCONVERSION
_b10
_c20130109
_lUCH01
_h1305
650 1 4 _aTrigo
_xEstadísticas.
_9115023
650 1 4 _aTrigo
_xRendimiento.
_9115092
650 1 4 _aTrigo
_zMéxico.
_9115130
901 _aBK
942 _cTESIS
949 _bBC
_cTES
_d-16028
_eTS1
_h25876
_i6427
_si
999 _c6232
_d6232